| 000 | 01363nam a22002777a 4500 | ||
|---|---|---|---|
| 005 | 2012050803563.0 | ||
| 010 | _aENG-105221 B-492479-480 | ||
| 020 |
_a9788184002072 _c350.00 |
||
| 035 | _aEN-88754 B-492479-480 | ||
| 037 | _bDBAD/PUB | ||
| 037 | _bUBH/Ven | ||
| 082 | _a612.82 | ||
| 100 |
_aRamachandran, V. S. _955275 |
||
| 245 |
_aThe tell-tale brain : _cby V.S. Ramachandran _bunlocking the mystery of human nature / |
||
| 260 |
_aNoida _bRandom House Publishers _c2012 |
||
| 270 |
_aWindsor IT Park, 7th Floor, Tower-B, A-1, Sector-125 _bNoida _e201301 |
||
| 300 |
_axxxi,506p. _c22cm(pbk) |
||
| 650 |
_aBrain _955276 |
||
| 650 |
_aBrain _xEvolution _955277 |
||
| 650 |
_aBrain damage _955278 |
||
| 942 |
_2ddc _cEN _h612.82 _mRAM |
||
| 999 |
_c66334 _d66334 |
||